000 00534nam a2200181Ia 4500
005 20250508154734.0
008 008 250505s9999 xx 000 0 eng d
037 _aTextual
040 _aFEDL
_beng
_cFEDL
041 _aeng
_2eng
084 _a370.193, WES
_qFEDL
100 _aWestby - Gibson Dorothy
_9765304
245 0 _aSocial foundations education : Issues and research
260 _aNew York, USA
_bThe Free Press
_c1967
300 _axii,301p
942 _cTEXL
_h370.193, WES
999 _c1351894
_d1351894